[Event "GER-ch U25 op"]
[Site "Willingen"]
[Date "2009.06.05"]
[Round "8"]
[White "Reksten, Lisa"]
[Black "Zeller, Lukas"]
[Result "1-0"]
[WhiteElo "1141"]
[BlackElo "1338"]
[PlyCount "62"]
[EventDate "2009.05.30"]
[EventType "swiss"]
[EventRounds "9"]
[EventCountry "GER"]
[SourceTitle "EXT 2010"]
[Source "ChessBase"]
[SourceDate "2010.11.25"]
[SourceVersion "1"]
[SourceVersionDate "2010.11.25"]
[SourceQuality "1"]

1. e4 g6 2. d4 d6 3. f4 Bg7 4. Nf3 Nf6 5. Nc3 b6 6. Be3 Bb7 7. Bd3 0-0 8. Qe2 e6 9. 0-0-0 Nc6 10. h3 Nb4 11. Kb1 Nh5 12. Qd2 Nxd3 13. Qxd3 Qe7 14. g4 Nf6 15. Rdg1 Rad8 16. Bf2 d5 17. e5 Ne4 18. Qe3 Nxf2 19. Qxf2 f6 20. h4 fxe5 21. fxe5 Rf7 22. Qg3 Qb4 23. h5 Rxf3 24. Qxf3 gxh5 25. gxh5 Rf8 26. Qg4 Rf7 27. h6 Qe7 28. hxg7 Rxg7 29. Qh3 Rxg1+ 30. Rxg1+ Kf8 31. Qh6+ Ke8 1-0

[Event "GER-ch U25 op"]
[Site "Willingen"]
[Date "2009.06.01"]
[Round "3"]
[White "Zeller, Lukas"]
[Black "Triantafillidis, Zoe"]
[Result "1-0"]
[WhiteElo "1338"]
[BlackElo "923"]
[PlyCount "121"]
[EventDate "2009.05.30"]
[EventType "swiss"]
[EventRounds "9"]
[EventCountry "GER"]
[SourceTitle "EXT 2010"]
[Source "ChessBase"]
[SourceDate "2010.11.25"]
[SourceVersion "1"]
[SourceVersionDate "2010.11.25"]
[SourceQuality "1"]

1. e4 c6 2. Nf3 d5 3. e5 Bf5 4. d4 e6 5. Nbd2 Nd7 6. Nb3 Bb4+ 7. Bd2 Bxd2+ 8. Qxd2 Ne7 9. Bd3 0-0 10. 0-0 h6 11. Nh4 Bxd3 12. Qxd3 Nc8 13. Nf3 Qe7 14. a3 c5 15. c4 Ncb6 16. Nbd2 dxc4 17. Nxc4 Nxc4 18. Qxc4 Rac8 19. dxc5 Rxc5 20. Qb4 Re8 21. Rfe1 b6 22. Qa4 Ra5 23. Qe4 Nc5 24. Qc4 Ra4 25. b4 a5 26. Qb5 axb4 27. axb4 Rxa1 28. Rxa1 Ne4 29. Qxb6 Nc3 30. Nd4 Qh4 31. Qc6 Rd8 32. Qxc3 Rxd4 33. g3 Qe4 34. Re1 Qg4 35. f3 Rc4 36. Qd3 Qd4+ 37. Qxd4 Rxd4 38. Re4 Rd1+ 39. Kf2 Kf8 40. Re1 Rd2+ 41. Re2 Rd5 42. f4 Ke7 43. Ke3 Kd7 44. Rd2 Rxd2 45. Kxd2 Kc6 46. Kc3 Kb5 47. Kb3 Kb6 48. Kc4 Kc6 49. b5+ Kb6 50. Kb4 Kb7 51. Kc5 Kc7 52. b6+ Kb7 53. Kd6 Kxb6 54. Ke7 Kc5 55. Kxf7 Kd5 56. Kxg7 h5 57. Kf6 h4 58. gxh4 Ke4 59. Kxe6 Kxf4 60. Kf6 Kg4 61. e6 1-0

[Event "GER-ch U25 op"]
[Site "Willingen"]
[Date "2009.05.30"]
[Round "1"]
[White "Zeller, Lukas"]
[Black "Klebanov, Andrej"]
[Result "0-1"]
[WhiteElo "1338"]
[BlackElo "1818"]
[PlyCount "94"]
[EventDate "2009.05.30"]
[EventType "swiss"]
[EventRounds "9"]
[EventCountry "GER"]
[SourceTitle "EXT 2010"]
[Source "ChessBase"]
[SourceDate "2010.11.25"]
[SourceVersion "1"]
[SourceVersionDate "2010.11.25"]
[SourceQuality "1"]

1. e4 e6 2. Bc4 d5 3. exd5 exd5 4. Bb3 Nf6 5. h3 Bd6 6. d3 0-0 7. Ne2 h6 8. 0-0 c5 9. Nf4 Bc7 10. Nc3 Be6 11. Re1 Bxf4 12. Bxf4 a6 13. Qf3 Nc6 14. Be5 Nxe5 15. Rxe5 c4 16. Rxe6 fxe6 17. dxc4 Ne4 18. Qe3 Nxc3 19. Qxe6+ Kh8 20. bxc3 dxc4 21. Bxc4 Qd2 22. Qe2 Qxc3 23. Rb1 Rae8 24. Qd3 Re1+ 25. Rxe1 Qxe1+ 26. Qf1 Qxf1+ 27. Kxf1 Rf4 28. Bb3 g5 29. g3 Re4 30. Kg2 Kg7 31. Kf3 Re5 32. Kg2 Kf6 33. Kf3 a5 34. Kg2 b5 35. a4 bxa4 36. Bxa4 Re4 37. Bb3 a4 38. Bd5 Rd4 39. Bc6 a3 40. c3 Rd6 41. Be4 a2 42. c4 a1Q 43. c5 Rd1 44. c6 Rg1+ 45. Kh2 Qf1 46. h4 g4 47. c7 Qxf2+ 0-1